LIBRARY & INFORMATION CENTRE, KCAET, TAVANUR

ONLINE PUBLIC ACCESS CATALOGUE (OPAC)

Design and Development of Artificial Pollinizer for Pollinating Tropical Vegetables under Protected Cultivation (Record no. 15540)

MARC details
000 -LEADER
fixed length control field 00564nam a22001577a 4500
003 - CONTROL NUMBER IDENTIFIER
control field OSt
008 - FIXED-LENGTH DATA ELEMENTS--GENERAL INFORMATION
fixed length control field 181121b ||||| |||| 00| 0 eng d
082 ## - DEWEY DECIMAL CLASSIFICATION NUMBER
Classification number 630
Item number RAM/DE
100 ## - MAIN ENTRY--AUTHOR NAME
Personal name RAMYA R
245 ## - TITLE STATEMENT
Title Design and Development of Artificial Pollinizer for Pollinating Tropical Vegetables under Protected Cultivation
260 ## - PUBLICATION, DISTRIBUTION, ETC. (IMPRINT)
Place of publication TAVANUR
Name of publisher DEPARTMENT OF FARM MACHINERY AND POWER ENGINEERING
Year of publication 2018
300 ## - PHYSICAL DESCRIPTION
Number of Pages 113
Accompanying material CD
700 ## - ADDED ENTRY--PERSONAL NAME
Personal name Dr. P. K. Sureshkumar (Guide)
856 ## - ELECTRONIC LOCATION AND ACCESS
Uniform Resource Identifier <a href="https://drive.google.com/open?id=1XnkkagwCo2Uef32BekzWYM4u4NAp5Lj3">https://drive.google.com/open?id=1XnkkagwCo2Uef32BekzWYM4u4NAp5Lj3</a>
942 ## - ADDED ENTRY ELEMENTS (KOHA)
Koha item type Theses
Holdings
Withdrawn status Lost status Damaged status Home library Current library Shelving location Date acquired Full call number Accession Number Koha item type Public note
      KAUAET KAUAET Reference 21/11/2018 630 RAM/DE T 433 Theses M.Tech Thesis
free website counter